000 00542nam a2200181Ia 4500
003 GCL
008 140319s9999 xx 000 0 ara d
040 _aGCL /
_cGCL
082 0 4 _a813.088
_bن ع
100 1 _aنجيب الكيلانى
245 1 0 _aعلى ابواب خيبر /
_cنجيب الكيلانى
300 _a167ص
490 _aالهيئة العامة للاستعلامات
_v0
650 0 4 _aالقصص الدينية
650 0 4 _aالادب الدينى
650 0 4 _aالمسلمون واليهود
942 _2ddc
_cBK
999 _c50995
_d50995